000
00291nam a22001097a 4500
008
170124b xxu||||| |||| 00| 0 eng d
020
_a
9780130305190
041
_a
eng
080
_2
6TH
_a
618.2
245
_a
LABORATORY AND DIAGNOSTIC TESTS WITH NURSING IMPLICATIONS
_c
KEE, J.L
942
_2
udc
_c
BK
999
_c
3546
_d
3546